[Event "Lichtenrader Herbst"]
[Site "?"]
[Date "2005.10.09"]
[Round "9"]
[White "Bartolomäus, Christian"]
[Black "Bubolz, Konstantin"]
[Result "1/2-1/2"]
[WhiteElo "2232"]
[BlackElo "2019"]
[PlyCount "78"]
[EventDate "2005.??.??"]

1. e4 e6 2. d4 d5 3. Nc3 Bb4 4. exd5 exd5 5. Bd3 Nc6 6. a3 Bxc3+ 7. bxc3 Nf6 8.
Bg5 O-O 9. Qf3 Bg4 10. Bxf6 Bxf3 11. Bxd8 Bxg2 12. Bxc7 Rfe8+ 13. Be2 Rxe2+ 14.
Kxe2 Re8+ 15. Kd2 Bxh1 16. f3 g5 17. Re1 Rxe1 18. Kxe1 f5 19. Kf2 Kf7 20. Kg3
h5 21. h4 g4 22. fxg4 fxg4 23. Ne2 Bf3 24. Nf4 Ne7 25. Nxh5 Nf5+ 26. Kf4 Kg6
27. Ng3 Nxg3 28. Kxg3 b5 29. Kf4 a6 30. Ke3 Kf5 31. Bg3 Be4 32. Kd2 Ke6 33. h5
Bh7 34. Bh4 Kf5 35. Ke3 g3 36. Bxg3 Kg4 37. Bc7 Kxh5 38. Kf4 Bxc2 39. Ke5 Bb3
1/2-1/2

[Event "Lichtenrader Herbst"]
[Site "?"]
[Date "2005.10.09"]
[Round "9"]
[White "von Löhneysen, Leonard"]
[Black "Issel, Oliver"]
[Result "1/2-1/2"]
[WhiteElo "2011"]
[BlackElo "2171"]
[PlyCount "45"]
[EventDate "2005.??.??"]

1. c4 f5 2. Nf3 Nf6 3. g3 g6 4. Bg2 Bg7 5. O-O O-O 6. Nc3 d6 7. d3 e5 8. Bd2
Na6 9. Rb1 c6 10. b4 Qe7 11. Ne1 Nc7 12. b5 d5 13. cxd5 cxd5 14. b6 axb6 15.
Rxb6 e4 16. d4 Nd7 17. Rb3 Bxd4 18. Bh6 Bg7 19. Nxd5 Nxd5 20. Qxd5+ Qf7 21.
Qxf7+ Rxf7 22. Bxg7 Rxg7 23. a3 1/2-1/2

[Event "Lichtenrader Herbst"]
[Site "?"]
[Date "2005.10.09"]
[Round "9"]
[White "Jaeger, Andre"]
[Black "Friedrich, Wiede"]
[Result "1-0"]
[WhiteElo "2153"]
[BlackElo "1967"]
[PlyCount "97"]
[EventDate "2005.??.??"]

1. d4 Nf6 2. c4 c5 3. Nf3 cxd4 4. Nxd4 e6 5. Nc3 Bb4 6. g3 O-O 7. Bg2 Nc6 8.
O-O Bxc3 9. bxc3 Qa5 10. Qb3 d5 11. cxd5 Nxd4 12. cxd4 exd5 13. Ba3 Re8 14. e3
Re6 15. Rfc1 Rb6 16. Qc3 Qxc3 17. Rxc3 Bd7 18. Rac1 Bc6 19. Be7 Re8 20. Bxf6
gxf6 21. Bh3 Kf8 22. Bf5 h6 23. Kg2 Ke7 24. Kf3 Kd6 25. h4 Rb2 26. R1c2 Rxc2
27. Rxc2 Bd7 28. Bxd7 Kxd7 29. Kg4 Re6 30. Kf4 Rc6 31. Rb2 b6 32. f3 Rc4 33.
Kf5 Rc3 34. Kf4 Ke6 35. g4 Rc4 36. Rb3 Rc2 37. Ra3 a5 38. Rb3 Rxa2 39. Rxb6+
Ke7 40. Ra6 a4 41. Kf5 a3 42. Ra7+ Kd6 43. Kxf6 Kc6 44. Kxf7 Kb6 45. Ra8 Kb5
46. g5 hxg5 47. hxg5 Kb4 48. g6 Rf2 49. f4 1-0

[Event "Lichtenrader Herbst"]
[Site "?"]
[Date "2005.10.09"]
[Round "9"]
[White "Gnass, Erhard"]
[Black "Gräfe, Charly"]
[Result "0-1"]
[WhiteElo "1383"]
[BlackElo "1672"]
[PlyCount "70"]
[EventDate "2005.??.??"]

1. Nf3 Nf6 2. g3 d5 3. d4 Bg4 4. Bg2 e6 5. c3 Bd6 6. O-O O-O 7. Nbd2 Nbd7 8.
Re1 c6 9. h3 Bh5 10. Qc2 Bg6 11. Qb3 Qc7 12. Nf1 b6 13. Bg5 h6 14. Bxf6 gxf6
15. Rac1 b5 16. Nh4 f5 17. Nxg6 fxg6 18. e3 Kh7 19. f4 Rg8 20. Qd1 Rg7 21. Nh2
Nf6 22. g4 g5 23. Rf1 gxf4 24. exf4 Bxf4 25. Nf3 Be3+ 26. Kh1 Bxc1 27. Qxc1 Ne4
28. Kg1 fxg4 29. hxg4 Rxg4 30. Ne5 Rxg2+ 31. Kxg2 Qg7+ 32. Kf3 Rf8+ 33. Ke3
Qg5+ 34. Kd3 Rxf1 35. Nf7 Qxc1 0-1